Internet-ional Law

Detalles Bibliográficos
Autor principal: Ruotolo, Gianpaolo Maria
Formato: eBook
Lenguaje:italiano
Publicado: Bari : Cacucci Editore, 2012
Materias:
Acceso en línea:http://www.vlex.com/source/11192

MARC

LEADER 00000nam a22000007a 4500
005 20130502173131.0
007 cr|||| ||||
008 130502e2012 it |||||s|||| 00||0 ita d
020 |a 978-88-6611-229-7 
035 |a 11192 
040 |a vLex 
090 |c 4249  |d 4249 
100 1 0 |a Ruotolo, Gianpaolo Maria 
245 1 0 |a Internet-ional Law  |c / Gianpaolo Maria Ruotolo   |h [Recurso electrn̤ico] 
256 |a Servicio en ln̕ea 
260 |a Bari :  |b Cacucci Editore,   |c 2012 
300 |a 1 Recurso electrn̤ico 
506 |d vLex Global  |d vLex Global (Academic Edition, excluding Law Schools)  |d vLex Global (U.S. Academic Edition, Law Schools)  |d vLex Global (U.S. Academic Edition, excluding Law Schools)  |d vLex Global (Academic Edition, Law Schools) 
650 0 4 |a Derecho de las nuevas tecnologa̕s 
650 0 4 |a Derechos en la red 
650 0 4 |a Delitos informt̀icos 
650 0 4 |a E-Commerce 
740 |a vLex Libros (Servicio en ln̕ea) 
856 |a Acceso restringido  |u http://www.vlex.com/source/11192 
942 |c BOOK 
999 0 |a E-Commerce